Rumuni tlieskajú Národnému

Bibliographic Details
Format: Article
Language:Slovak
Subjects:

MARC

LEADER 00000nab a2200000 ar4500
001 vtls009174077
003 SK-MaSNL
005 20260304194544.0
008 080116c19761028xo |r|p|||||||000 b|slo
015 |a SNBRB1977 
038 |a SNKBUCL 
040 |a SNKBUCL  |b slo  |c SNKBUCL  |e AACR2 
041 |a slo 
044 |a xo  |c SK 
080 |a 792  |2 1997 
245 0 0 |a Rumuni tlieskajú Národnému 
610 2 7 |a Slovenské národné divadlo  |2 snkbucl  |9 32458 
648 7 |a 1976  |2 snkbucl  |9 279488 
651 7 |a Kluž (Rumunsko)  |2 snkbucl  |9 30251 
773 0 |t Večerník  |g (28.10.1976), s. 5 
852 |a SNK  |b KIS3GCP 
958 |a SK 
999 |c 3074992  |d 3076922